[Event "C.to Provinciale CO"]
[Site "Villa Guardia ITA"]
[Date "2013.01.19"]
[Round "1"]
[White "Aldeghi, Damiano"]
[Black "Primerano, Carlo"]
[WhiteElo "1434"]
[BlackElo "1784"]
[Result "1-0"]
[PlyCount "67"]
[EventDate "2013.01.19"]

1. e4 c5 2. Nf3 e6 3. Bc4 Nc6 4. Nc3 a6 5. a3 Qc7 6. d4 cxd4 7. Nxd4 Nf6 8. O-O
Be7 9. Re1 O-O 10. Bb3 Re8 11. Be3 d6 12. Nf3 b5 13. h3 Bb7 14. Qd3 Rac8 15.
Ng5 Ne5 16. Qd4 h6 17. Nxe6 fxe6 18. Bxe6+ Kh8 19. Bxc8 Rxc8 20. Rad1 Nc4 21.
Bc1 Kh7 22. Rd3 Nd7 23. Nd5 Bxd5 24. exd5 Bf6 25. Qe4+ g6 26. Rg3 Nce5 27. f4
Nc5 28. Qe3 Nc4 29. Qf3 Bh4 30. Rxg6 Kxg6 31. Qg4+ Kh7 32. Qxh4 Kg7 33. Re2 Qb6
34. Qg4+ 1-0

[Event "C.to Provinciale CO"]
[Site "Villa Guardia ITA"]
[Date "2013.01.19"]
[Round "1"]
[White "Ambrosoli, Nadia Manuela"]
[Black "Revinelli, Sergio"]
[WhiteElo "1472"]
[BlackElo "1824"]
[Result "0-1"]
[PlyCount "83"]
[EventDate "2013.01.19"]

1. d4 d5 2. Nc3 c6 3. Nf3 Nf6 4. g3 e6 5. Bg2 Bd6 6. O-O O-O 7. Re1 Nbd7 8. Bg5
Qb6 9. Rb1 c5 10. Na4 Qc7 11. dxc5 Bxc5 12. Nxc5 Qxc5 13. Be3 Qc7 14. Nd4 a6
15. f4 b5 16. Bf2 Bb7 17. b4 Ne4 18. Bxe4 dxe4 19. e3 Rfd8 20. Qe2 Nf6 21. Rbc1
Bd5 22. c3 Bc4 23. Qb2 Rac8 24. Nb3 Bxb3 25. Qxb3 Rd3 26. Red1 Rxd1+ 27. Qxd1
Rd8 28. Qc2 Qc4 29. Be1 h6 30. Rd1 Rxd1 31. Qxd1 Nd5 32. Qc1 Qxa2 33. Qd2 Qxd2
34. Bxd2 Kf8 35. Kf2 g5 36. h3 h5 37. h4 Ke7 38. Ke2 Kd6 39. Be1 Nf6 40. Bf2
Kd5 41. Kd2 Kc4 42. Kc2 0-1

[Event "C.to Provinciale CO"]
[Site "Villa Guardia ITA"]
[Date "2013.01.19"]
[Round "1"]
[White "Bernasconi, Roberto"]
[Black "Lipari, Alberto"]
[WhiteElo "1964"]
[BlackElo "1581"]
[Result "1-0"]
[PlyCount "75"]
[EventDate "2013.01.19"]

1. e4 g6 2. d4 Bg7 3. Nc3 d6 4. Nf3 Bg4 5. Be3 a6 6. h3 Bxf3 7. Qxf3 Nc6 8. Bc4
e6 9. Rd1 Nge7 10. O-O O-O 11. a3 b5 12. Ba2 b4 13. axb4 Nxb4 14. Bb3 Qb8 15.
Qe2 Nec6 16. f4 Na5 17. Ba4 f5 18. Bf2 c6 19. exf5 exf5 20. b3 d5 21. Qd2 Nb7
22. Ne2 a5 23. c3 Na6 24. Bxc6 Nc7 25. Rb1 Ra6 26. Ba4 Nd6 27. Qd3 Ne4 28. Bh4
Bf6 29. Be1 Rb6 30. c4 Qd8 31. Bxa5 Re6 32. cxd5 Ra6 33. Bxc7 Qxc7 34. Qxa6 Nd2
35. Rbc1 Qe7 36. Qe6+ Qxe6 37. dxe6 Nxf1 38. Kxf1 1-0

[Event "C.to Provinciale CO"]
[Site "Villa Guardia ITA"]
[Date "2013.01.19"]
[Round "1"]
[White "Carbone, Lorenzo"]
[Black "Rosini, Luca Ungaro"]
[WhiteElo "1725"]
[BlackElo "1368"]
[Result "1-0"]
[PlyCount "67"]
[EventDate "2013.01.19"]

1. e4 d5 2. exd5 Qxd5 3. Nc3 Qa5 4. d4 Nf6 5. Bd2 Qb6 6. Nf3 Bg4 7. Be2 Bxf3 8.
Bxf3 Nc6 9. Ne2 O-O-O 10. c3 e5 11. dxe5 Nxe5 12. Nd4 Nd3+ 13. Kf1 Bc5 14. Be3
Nxb2 15. Qc2 Nc4 16. Rb1 Nxe3+ 17. fxe3 Qa6+ 18. Kf2 c6 19. Qf5+ Nd7 20. Rb2 g6
21. Qxf7 Rdf8 22. Qb3 Rf6 23. Rhb1 Qb6 24. Qa4 Qd8 25. Rxb7 Bb6 26. Rxa7 Bxa7
27. Qxa7 Qc7 28. Qa8+ Nb8 29. Kg1 Re8 30. Bg4+ Kd8 31. Rxb8+ Ke7 32. Rxe8+ Kd6
33. Qa3+ c5 34. Nb5+ 1-0

[Event "C.to Provinciale CO"]
[Site "Villa Guardia ITA"]
[Date "2013.01.19"]
[Round "1"]
[White "Coppola, Guido"]
[Black "Tavasci, Alfio"]
[WhiteElo "1992"]
[BlackElo "1640"]
[Result "1-0"]
[PlyCount "79"]
[EventDate "2013.01.19"]

1. e4 g6 2. d4 Bg7 3. Nc3 d6 4. Nf3 Nd7 5. Bc4 e6 6. Bg5 Ne7 7. Qd2 h6 8. Be3
a6 9. a4 b6 10. O-O Bb7 11. Rad1 Nf6 12. d5 e5 13. h3 g5 14. Nh2 Bc8 15. Be2
Ng6 16. Ng4 Nf4 17. Bxf4 gxf4 18. Qd3 h5 19. Nxf6+ Bxf6 20. Qc4 Qd7 21. Rd3 Bd8
22. b4 Bb7 23. b5 a5 24. Kh2 h4 25. Bg4 Qe7 26. Ne2 Rb8 27. Qc3 Qg5 28. Ng1 Rg8
29. Nf3 Qe7 30. Rg1 Bc8 31. Qc6+ Kf8 32. Bxc8 Rxc8 33. Nd2 Qg5 34. Nc4 Qe7 35.
Nxb6 cxb6 36. Qxc8 Qg5 37. Qd7 Rg6 38. Rc3 Kg7 39. Rc8 Bf6 40. Qe8 1-0

[Event "C.to Provinciale CO"]
[Site "Villa Guardia ITA"]
[Date "2013.01.19"]
[Round "1"]
[White "Corti, Filippo"]
[Black "Corti, Massimo"]
[WhiteElo "1630"]
[BlackElo "1986"]
[Result "0-1"]
[PlyCount "46"]
[EventDate "2013.01.19"]

1. Nf3 Nf6 2. g3 g6 3. Bg2 Bg7 4. d3 d6 5. O-O c6 6. e4 Qa5 7. Bd2 Qh5 8. Nc3
Bg4 9. Qe2 Nbd7 10. d4 O-O 11. Nd1 e5 12. Ne3 Be6 13. Qd3 Ng4 14. Nxg4 Bxg4 15.
Bc3 f5 16. Qc4+ Kh8 17. Nh4 fxe4 18. Bxe4 d5 19. Bxd5 Nb6 20. Qc5 Nxd5 21. dxe5
Nxc3 22. Qxc3 Qxe5 23. Qd3 Be2 0-1

[Event "C.to Provinciale CO"]
[Site "Villa Guardia ITA"]
[Date "2013.01.19"]
[Round "1"]
[White "Ghelfi, Giancarlo"]
[Black "Bellotto, Stefano"]
[WhiteElo "1642"]
[BlackElo "1998"]
[Result "0-1"]
[PlyCount "68"]
[EventDate "2013.01.19"]

1. e4 c5 2. Nf3 e6 3. d4 cxd4 4. Nxd4 a6 5. Nc3 Qc7 6. g3 Nf6 7. Bg2 Be7 8. O-O
O-O 9. Qe2 d6 10. a4 Nbd7 11. h3 Nb6 12. Re1 e5 13. Nf5 Bxf5 14. exf5 Rac8 15.
Ne4 d5 16. Nxf6+ Bxf6 17. c3 Qd7 18. Rd1 Rfd8 19. a5 Nc4 20. Qd3 Qc7 21. b3 e4
22. Qc2 Nxa5 23. Bf4 Qxc3 24. Qxc3 Bxc3 25. Rac1 Nxb3 26. Rc2 Nd4 27. Rxc3 Ne2+
28. Kh2 Nxc3 29. Rd2 b5 30. Be5 b4 31. Bf1 Rc6 32. Rb2 a5 33. Rc2 d4 34. Bb5
Rc5 0-1

[Event "C.to Provinciale CO"]
[Site "Villa Guardia ITA"]
[Date "2013.01.19"]
[Round "1"]
[White "Gonella, Graziano"]
[Black "Longo, Giovanni"]
[WhiteElo "1181"]
[BlackElo "1661"]
[Result "0-1"]
[PlyCount "126"]
[EventDate "2013.01.19"]

1. e4 c6 2. d4 d5 3. Nc3 dxe4 4. Nxe4 Bf5 5. f3 e6 6. c3 Nd7 7. Ne2 Ngf6 8.
N2g3 Bg6 9. Be3 Be7 10. Bd3 Nd5 11. Qd2 Qc7 12. Ng5 Bxd3 13. Qxd3 Nxe3 14. Qxe3
Nf6 15. O-O Bd6 16. Rfe1 O-O-O 17. N3e4 Nxe4 18. fxe4 h5 19. e5 Be7 20. Rf1
Rdf8 21. Qf3 g6 22. h3 Kb8 23. Ne4 Qd8 24. a4 g5 25. Qd3 g4 26. Nf6 Bxf6 27.
Rxf6 Rhg8 28. h4 Rg7 29. g3 Qe8 30. Raf1 Rh8 31. Qd2 Rhh7 32. Qe3 Qe7 33. Rh6
Qe8 34. c4 b6 35. Rxh7 Rxh7 36. Qe4 Rg7 37. Rf6 Rg6 38. Qf4 Rg7 39. Qh6 Rg6 40.
Qh7 Rxf6 41. exf6 Qd8 42. Qe4 Qxf6 43. Qe5+ Qxe5 44. dxe5 Kc7 45. Kf2 Kd7 46.
Ke3 Ke7 47. Kf4 f6 48. b4 a6 49. b5 fxe5+ 50. Kxe5 c5 51. Kf4 Kf6 52. Ke4 e5
53. Kd5 Kf5 54. Kc6 e4 55. Kxb6 e3 56. Kxa6 e2 57. b6 e1=Q 58. Kb5 Qxg3 59. a5
Qb3+ 60. Kxc5 Qa4 61. Kd6 Qxc4 62. b7 g3 63. a6 Qxa6+ 0-1

[Event "C.to Provinciale CO"]
[Site "Villa Guardia ITA"]
[Date "2013.01.19"]
[Round "1"]
[White "Grassetto, Gilberto"]
[Black "Crippa, Matteo"]
[WhiteElo "1859"]
[BlackElo "1486"]
[Result "1/2-1/2"]
[PlyCount "73"]
[EventDate "2013.01.19"]

1. d4 d5 2. Nf3 Nf6 3. a3 e6 4. Nbd2 c5 5. dxc5 Bxc5 6. b4 Bd6 7. Bb2 Nbd7 8.
e3 a6 9. c4 dxc4 10. Bxc4 b5 11. Ba2 Bb7 12. O-O O-O 13. Rc1 a5 14. bxa5 Rxa5
15. Nb3 Ra6 16. Nbd4 Bxa3 17. Bxa3 Rxa3 18. Bxe6 b4 19. Bb3 Bxf3 20. Qxf3 Qa8
21. Qe2 Ne4 22. Qb5 Nd2 23. Qxd7 Nxb3 24. Nxb3 Rxb3 25. h3 h6 26. Rb1 Qa2 27.
Rxb3 Qxb3 28. Qd1 Qa3 29. Qb1 Rc8 30. Rd1 Kf8 31. Kh2 g6 32. Rd4 b3 33. Qd3 Qa2
34. Rd8+ Rxd8 35. Qxd8+ Kg7 36. Qd4+ Kh7 37. Qc4 1/2-1/2

[Event "C.to Provinciale CO"]
[Site "Villa Guardia ITA"]
[Date "2013.01.19"]
[Round "1"]
[White "Laricini, Alberto"]
[Black "Fantina, Carla"]
[WhiteElo "1801"]
[BlackElo "1458"]
[Result "1-0"]
[PlyCount "115"]
[EventDate "2013.01.19"]

1. d4 Nf6 2. Nf3 g6 3. c4 Bg7 4. Nc3 d6 5. e4 c6 6. Be2 a6 7. O-O O-O 8. h3
Nbd7 9. Bg5 h6 10. Be3 Rb8 11. Qc2 b5 12. cxb5 cxb5 13. a3 Bb7 14. Bd3 Nb6 15.
d5 Rc8 16. Qd2 Kh7 17. Rac1 Nc4 18. Bxc4 Rxc4 19. Qd3 Qd7 20. e5 Ne8 21. Bd4 e6
22. exd6 Nxd6 23. Bxg7 Kxg7 24. dxe6 fxe6 25. Ne5 Be4 26. Qxe4 Nxe4 27. Nxd7
Rf5 28. Nxe4 Rxe4 29. Rfe1 Rd4 30. Nc5 Rd2 31. Rf1 Kf7 32. Ne4 Rd7 33. Rfd1
Rfd5 34. Rxd5 exd5 35. Rd1 d4 36. Nc5 Rd6 37. Nd3 Kf6 38. Rc1 Kf5 39. f3 g5 40.
Kf2 h5 41. g4+ hxg4 42. hxg4+ Kg6 43. b4 Kh6 44. Re1 Kg6 45. Nc5 d3 46. Re6+
Rxe6 47. Nxe6 Kf6 48. Nc5 d2 49. Ke2 Ke5 50. Kxd2 Kf4 51. Ke2 Ke5 52. Nxa6 Kd4
53. Kd2 Kc4 54. Kc2 Kd5 55. Nc7+ Kc6 56. Ne6 Kd5 57. Nxg5 Ke5 58. Ne4 1-0

[Event "C.to Provinciale CO"]
[Site "Villa Guardia ITA"]
[Date "2013.01.19"]
[Round "1"]
[White "Liscio, Giovanni"]
[Black "Moioli, Ferruccio"]
[WhiteElo "1999"]
[BlackElo "1648"]
[Result "1-0"]
[PlyCount "81"]
[EventDate "2013.01.19"]

1. d4 d5 2. Nf3 Nf6 3. e3 g6 4. c4 c6 5. Nc3 Bg4 6. h3 Bxf3 7. Qxf3 Bg7 8. cxd5
cxd5 9. Bd3 Nc6 10. O-O O-O 11. Qe2 a6 12. b3 Re8 13. Rd1 e5 14. dxe5 Rxe5 15.
Bb2 Re6 16. Na4 Qe7 17. Rac1 Nd7 18. Bxg7 Kxg7 19. Qb2+ Kg8 20. a3 Rd8 21. b4
Qg5 22. Be2 Rde8 23. Bf3 Nf6 24. Nc5 R6e7 25. Kf1 Ne4 26. Bxe4 dxe4 27. Qc3 Na7
28. a4 Qf5 29. Rd2 Rc8 30. Rcd1 Ree8 31. Rd5 Qe6 32. Qd4 Qb6 33. Nxe4 Qxd4 34.
R5xd4 Rc6 35. Rd8 Kf8 36. Ke2 Rxd8 37. Rxd8+ Ke7 38. Rb8 Rc7 39. Nc5 b6 40.
Rxb6 Nc6 41. Nxa6 1-0

[Event "C.to Provinciale CO"]
[Site "Villa Guardia ITA"]
[Date "2013.01.19"]
[Round "1"]
[White "Lotti, Riccardo"]
[Black "Poletto, Daniele"]
[WhiteElo "1353"]
[BlackElo "1713"]
[Result "1/2-1/2"]
[PlyCount "73"]
[EventDate "2013.01.19"]

1. c4 c5 2. Nc3 Nc6 3. g3 g6 4. Bg2 Bg7 5. e3 e5 6. Nge2 Nge7 7. O-O O-O 8. Nd5
d6 9. Nec3 Rb8 10. a4 a6 11. b3 Nb4 12. Nxe7+ Qxe7 13. Nd5 Nxd5 14. Bxd5 Bh3
15. Re1 h5 16. e4 h4 17. d3 hxg3 18. fxg3 Kh7 19. Qd2 f5 20. Qg5 Qxg5 21. Bxg5
Bf6 22. Bd2 f4 23. Kf2 Bg7 24. gxf4 exf4 25. Kf3 Bxa1 26. Rxa1 Bd7 27. Rg1 b5
28. axb5 axb5 29. Bxf4 bxc4 30. Bxc4 Rf6 31. Ke3 Rbf8 32. Bg3 Re8 33. Bh4 Rff8
34. Ra1 Ra8 35. Rxa8 Rxa8 36. Be7 Ra2 37. Bxd6 1/2-1/2

[Event "C.to Provinciale CO"]
[Site "Villa Guardia ITA"]
[Date "2013.01.19"]
[Round "1"]
[White "Mason, Giovanni"]
[Black "Gonella, Daniele"]
[WhiteElo "1656"]
[BlackElo "2141"]
[Result "0-1"]
[PlyCount "82"]
[EventDate "2013.01.19"]

1. e4 c5 2. c3 d5 3. f3 e5 4. exd5 Qxd5 5. Qa4+ Bd7 6. Qc4 Qc6 7. Qd3 Qc7 8. c4
Nc6 9. Qc3 Nf6 10. d3 g6 11. Bg5 Bg7 12. Nd2 O-O 13. Bxf6 Bxf6 14. h4 Bg7 15.
Qc1 f5 16. Ne2 Nd4 17. Nb3 Nxe2 18. Bxe2 e4 19. f4 Rae8 20. O-O Ba4 21. g3 exd3
22. Bxd3 Bxb3 23. axb3 Re3 24. Qxe3 Bd4 25. Qxd4 cxd4 26. Be2 Qb6 27. Bf3 Qxb3
28. Bd5+ Kh8 29. Rf3 Qxb2 30. Rxa7 d3 31. Rxb7 Qc1+ 32. Rf1 d2 33. Rb1 Qc3 34.
Kg2 Re8 35. Rfd1 Re2+ 36. Kh3 Re3 37. Rg1 Re1 38. Rgxe1 dxe1=Q 39. Rxe1 Qxe1
40. Kg2 Qe2+ 41. Kh3 Kg7 0-1

[Event "C.to Provinciale CO"]
[Site "Villa Guardia ITA"]
[Date "2013.01.19"]
[Round "1"]
[White "Nastasi, Ivano"]
[Black "Bettinelli, Sergio"]
[WhiteElo "1706"]
[BlackElo "1323"]
[Result "1-0"]
[PlyCount "39"]
[EventDate "2013.01.19"]

1. d4 Nf6 2. c4 d6 3. Nc3 a6 4. e4 b6 5. Nf3 Bb7 6. Be2 Nxe4 7. Nxe4 Bxe4 8.
O-O Nd7 9. b3 Nf6 10. Bb2 d5 11. Ba3 g6 12. Ng5 e6 13. f3 Bxa3 14. fxe4 Nxe4
15. Nxf7 Qe7 16. Nxh8 Nf6 17. Qc2 O-O-O 18. cxd5 Nxd5 19. Bxa6+ Kb8 20. Qc6 1-0

[Event "C.to Provinciale CO"]
[Site "Villa Guardia ITA"]
[Date "2013.01.19"]
[Round "1"]
[White "Rizzi, Pierantonio"]
[Black "Napoli, Ferdinando"]
[WhiteElo "1401"]
[BlackElo "1723"]
[Result "0-1"]
[PlyCount "76"]
[EventDate "2013.01.19"]

1. Nf3 Nf6 2. g3 g6 3. Bg2 Bg7 4. d4 d6 5. Nbd2 Nbd7 6. e4 O-O 7. O-O c6 8. c4
e5 9. d5 Nc5 10. Re1 Nd3 11. Re3 Nxc1 12. Rxc1 c5 13. a3 Ng4 14. Re1 f5 15.
exf5 gxf5 16. h3 Nh6 17. b4 e4 18. Nh2 Bb2 19. Rc2 Bxa3 20. bxc5 Bxc5 21. Kh1
Bxf2 22. Rxe4 Bxg3 23. Re2 Bd7 24. Rc3 Be5 25. Rd3 Rc8 26. Nhf3 Nf7 27. Nxe5
Nxe5 28. Rg3+ Kh8 29. Qa1 Qh4 30. Rxe5 dxe5 31. Qxe5+ Qf6 32. Rg8+ Kxg8 33.
Qg3+ Kh8 34. d6 Rg8 35. Qf4 Rce8 36. Ne4 Rxe4 37. Bxe4 Qa1+ 38. Kh2 Qg1# 0-1

[Event "C.to Provinciale CO"]
[Site "Villa Guardia ITA"]
[Date "2013.01.19"]
[Round "1"]
[White "Rossi, Giampiero"]
[Black "Puppi, Simone"]
[WhiteElo "1898"]
[BlackElo "1551"]
[Result "1-0"]
[PlyCount "123"]
[EventDate "2013.01.19"]

1. d4 Nf6 2. c4 e6 3. Nc3 d5 4. cxd5 exd5 5. Bg5 Be7 6. e3 O-O 7. Bd3 Bg4 8.
Qc2 h6 9. Bxf6 Bxf6 10. Qb3 Be6 11. Qxb7 Nd7 12. Nge2 Nb6 13. O-O Bc8 14. Qc6
Bd7 15. Qc5 a5 16. Nxd5 Nxd5 17. Qxd5 Re8 18. Nc3 c6 19. Qf3 Rb8 20. Rab1 Qc7
21. Rfc1 Qd8 22. Ne4 Re6 23. Nc5 Re7 24. Nxd7 Qxd7 25. Qf5 Qxf5 26. Bxf5 g6 27.
Bd3 Rc7 28. b3 Kg7 29. Rc5 Ra8 30. Rbc1 Be7 31. Rxc6 Rxc6 32. Rxc6 a4 33. Ra6
Rxa6 34. Bxa6 axb3 35. axb3 Kf6 36. Kf1 Bd6 37. h3 Ke7 38. Ke2 Kd7 39. Bc4 f6
40. Bf7 g5 41. Kd3 Ke7 42. Bd5 Bb4 43. f3 Kd6 44. Kc4 Bd2 45. e4 Be3 46. b4 Bf2
47. b5 h5 48. b6 h4 49. b7 Kc7 50. e5 fxe5 51. dxe5 Bg3 52. Kd4 Bf2+ 53. Ke4
Bc5 54. Kf5 Be7 55. f4 gxf4 56. Kxf4 Bd8 57. g4 hxg3 58. Kxg3 Kb8 59. h4 Ba5
60. h5 Kc7 61. Kf4 Kb8 62. Kf5 1-0

[Event "C.to Provinciale CO"]
[Site "Villa Guardia ITA"]
[Date "2013.01.19"]
[Round "1"]
[White "Rossini, Fulvio"]
[Black "Cairoli, Fabio"]
[WhiteElo "1718"]
[BlackElo "1386"]
[Result "1-0"]
[PlyCount "100"]
[EventDate "2013.01.19"]

1. e4 e6 2. d4 c5 3. c3 Nc6 4. Nf3 d6 5. dxc5 d5 6. exd5 exd5 7. Be3 Nf6 8. h3
g6 9. Bd3 Bg7 10. O-O O-O 11. Nbd2 Bd7 12. Nb3 Re8 13. Nbd4 a6 14. Re1 Qc7 15.
Nb3 Rad8 16. Nfd4 Na7 17. Qf3 Rc8 18. Bg5 Ne4 19. Bxe4 Bxd4 20. cxd4 dxe4 21.
Rxe4 Bf5 22. Re3 Nb5 23. Rae1 Qd7 24. Rxe8+ Rxe8 25. Rxe8+ Qxe8 26. Qe3 Qd7 27.
Qe5 Nc7 28. Bh6 Ne8 29. Bg5 Be6 30. Nc1 Qc6 31. b3 Bd5 32. Qg3 f6 33. Be3 f5
34. Nd3 Ng7 35. Nb4 Qd7 36. Nxd5 Qxd5 37. Qe5 Qd7 38. d5 Ne8 39. Bd4 Nc7 40.
Qh8+ Kf7 41. Qxh7+ Ke8 42. Qxg6+ Kd8 43. Qd6 Qxd6 44. cxd6 Nxd5 45. h4 Kd7 46.
h5 Kxd6 47. h6 Ne7 48. h7 Ng6 49. h8=Q Nxh8 50. Bxh8 Kc5 1-0

[Event "C.to Provinciale CO"]
[Site "Villa Guardia ITA"]
[Date "2013.01.19"]
[Round "1"]
[White "Salvade', Ettore"]
[Black "Guzzetti, Luigi Enrico"]
[WhiteElo "1574"]
[BlackElo "1917"]
[Result "0-1"]
[PlyCount "60"]
[EventDate "2013.01.19"]

1. e4 c5 2. Nf3 e6 3. Nc3 Nc6 4. Bc4 a6 5. a4 Qc7 6. O-O Nf6 7. Re1 d6 8. d3
Be7 9. Bf4 O-O 10. Qd2 Bd7 11. e5 dxe5 12. Nxe5 Nxe5 13. Bxe5 Qd8 14. d4 cxd4
15. Bxd4 Qc7 16. Bd3 Ng4 17. g3 Bf6 18. Bxf6 Nxf6 19. b3 Rfd8 20. Ne4 Nxe4 21.
Rxe4 h6 22. c4 Bc6 23. Rg4 Qe5 24. Re1 Rxd3 25. Rxe5 Rxd2 26. Re1 Rad8 27. h3
g5 28. c5 Rd1 29. Rxd1 Rxd1+ 30. Kh2 Rh1# 0-1

[Event "C.to Provinciale CO"]
[Site "Villa Guardia ITA"]
[Date "2013.01.19"]
[Round "1"]
[White "Zerboni, Giuseppe"]
[Black "Colombo, Luca"]
[WhiteElo "1541"]
[BlackElo "1880"]
[Result "0-1"]
[PlyCount "90"]
[EventDate "2013.01.19"]

1. e4 c5 2. Nf3 Nc6 3. g3 g6 4. Bg2 d6 5. Nc3 Bg7 6. d3 Nf6 7. O-O O-O 8. Re1
Ng4 9. Bd2 a6 10. Rb1 Qc7 11. a3 Nf6 12. Qc1 Re8 13. Bf4 e5 14. Bg5 Be6 15.
Bxf6 Bxf6 16. Nd5 Bxd5 17. exd5 Ne7 18. c4 Bg7 19. h4 b5 20. b3 Rab8 21. Ng5 h6
22. Ne4 Rb6 23. Qd1 Reb8 24. Bh3 f5 25. Nd2 bxc4 26. dxc4 e4 27. Nxe4 fxe4 28.
Be6+ Kh7 29. Rxe4 Rf8 30. Qd3 Rbb8 31. h5 Kh8 32. hxg6 Nxg6 33. Rbe1 Ne5 34.
Qe3 Nf3+ 35. Kf1 Nxe1 36. Kxe1 Qa5+ 37. b4 cxb4 38. Kf1 bxa3 39. Rh4 Rf6 40.
Qa7 Qb6 41. Qxb6 Rxb6 42. Re4 a2 43. Kg2 a1=Q 44. g4 Qb1 45. Bf5 Rxf5 0-1

[Event "C.to Provinciale CO"]
[Site "Villa Guardia ITA"]
[Date "2013.01.20"]
[Round "2"]
[White "Bellotto, Stefano"]
[Black "Carbone, Lorenzo"]
[WhiteElo "1998"]
[BlackElo "1725"]
[Result "1/2-1/2"]
[PlyCount "78"]
[EventDate "2013.01.19"]

1. c4 c5 2. Nf3 Nc6 3. d4 cxd4 4. Nxd4 Nxd4 5. Qxd4 Nf6 6. Nc3 e6 7. e4 d6 8.
Be2 Be7 9. O-O O-O 10. Be3 e5 11. Qd2 b6 12. Rfd1 Ng4 13. Bxg4 Bxg4 14. f3 Be6
15. b3 a6 16. Qf2 Rb8 17. Rac1 Bh4 18. Qd2 Be7 19. h3 h6 20. f4 f5 21. exf5
Bxf5 22. Nd5 Be4 23. Nxe7+ Qxe7 24. Qxd6 Qxd6 25. Rxd6 exf4 26. Bf2 Rf6 27.
Rxf6 gxf6 28. Rd1 Rb7 29. Rd8+ Kf7 30. b4 Ke6 31. Re8+ Kf5 32. Rg8 Bd3 33. c5
bxc5 34. Bxc5 Bc4 35. Rh8 Bxa2 36. Rxh6 Rd7 37. Kf1 Bc4+ 38. Ke1 Bd5 39. Bd4
Bxg2 1/2-1/2

[Event "C.to Provinciale CO"]
[Site "Villa Guardia ITA"]
[Date "2013.01.20"]
[Round "2"]
[White "Bettinelli, Sergio"]
[Black "Salvade', Ettore"]
[WhiteElo "1323"]
[BlackElo "1574"]
[Result "1/2-1/2"]
[PlyCount "97"]
[EventDate "2013.01.19"]

1. c4 e5 2. Nc3 Nc6 3. e4 Nf6 4. Nf3 Bc5 5. Nh4 Bb6 6. Be2 Nxe4 7. Nxe4 Qxh4 8.
Ng3 O-O 9. O-O d6 10. d3 Bd4 11. a3 Ne7 12. Qc2 Rb8 13. Ne4 h6 14. Bf3 Ng6 15.
g3 Qe7 16. Be3 Bxe3 17. fxe3 Bh3 18. Bg2 Bxg2 19. Qxg2 b5 20. b4 bxc4 21. dxc4
f5 22. Nc3 a6 23. Rad1 e4 24. b5 axb5 25. Nxb5 Ne5 26. Nd4 g6 27. Qa2 Qf7 28.
Rf4 Qxc4 29. Qg2 Ng4 30. Nxf5 gxf5 31. Qd2 Rb3 32. Rc1 Qf7 33. Ra1 Rxe3 34.
Raf1 Rd3 35. Qa5 Ne3 36. Re1 Qa2 37. Rf2 Qxa3 38. Qxc7 Rd1 39. Rxd1 Nxd1 40.
Qc4+ Rf7 41. Rxf5 Qe3+ 42. Kg2 Qd2+ 43. Kh3 Nf2+ 44. Kh4 d5 45. Rxd5 Qb2 46.
Rf5 Qg7 47. Rxf2 e3 48. Qc8+ Kh7 49. Qc2+ 1/2-1/2

[Event "C.to Provinciale CO"]
[Site "Villa Guardia ITA"]
[Date "2013.01.20"]
[Round "2"]
[White "Cairoli, Fabio"]
[Black "Corti, Filippo"]
[WhiteElo "1386"]
[BlackElo "1630"]
[Result "1/2-1/2"]
[PlyCount "141"]
[EventDate "2013.01.19"]

1. d4 Nf6 2. Nf3 g6 3. Bg5 Bg7 4. e3 d6 5. Be2 Nbd7 6. c4 b6 7. Nc3 Bb7 8. O-O
O-O 9. Rb1 h6 10. Bh4 Ne4 11. Nd5 Ndf6 12. Nxf6+ Nxf6 13. d5 Qd7 14. Nd4 e5 15.
Nb5 a6 16. Nc3 Rae8 17. e4 Bc8 18. h3 g5 19. Bg3 g4 20. hxg4 Nxg4 21. Bxg4 Qxg4
22. Qxg4 Bxg4 23. b4 f5 24. f3 Bh5 25. Bh4 Bf6 26. Bxf6 Rxf6 27. exf5 Rff8 28.
g4 Bf7 29. Ne4 Kg7 30. Rf2 Rh8 31. Rg2 Reg8 32. Kf2 Kf8 33. Rbg1 Ke7 34. f6+
Kd7 35. g5 Rg6 36. gxh6 Rhxh6 37. Rxg6 Rxg6 38. Rxg6 Bxg6 39. Ke3 Ke8 40. Ng5
Bb1 41. a3 Ba2 42. Kd3 Bb1+ 43. Kc3 Bf5 44. Ne6 Kf7 45. Nxc7 Bc8 46. b5 a5 47.
Na8 Kxf6 48. Nxb6 Bb7 49. Nd7+ Kf5 50. Kd3 Kf4 51. Ke2 e4 52. fxe4 Kxe4 53. Kd2
Kd4 54. Nb6 Kc5 55. Nd7+ Kxc4 56. b6 Kxd5 57. Kc3 Kc6 58. Kc4 Kxd7 59. Kb5 d5
60. Kxa5 d4 61. Kb4 d3 62. Kc3 Ba6 63. a4 Kc6 64. a5 Kb7 65. Kd2 Kc6 66. Kc3
Kb7 67. Kd2 Bb5 68. Kc3 Ka6 69. Kd2 Kb7 70. Kc3 Kc6 71. Kd2 1/2-1/2

[Event "C.to Provinciale CO"]
[Site "Villa Guardia ITA"]
[Date "2013.01.20"]
[Round "2"]
[White "Colombo, Luca"]
[Black "Buonocore, Elio"]
[WhiteElo "1880"]
[BlackElo "2189"]
[Result "0-1"]
[PlyCount "40"]
[EventDate "2013.01.19"]

1. e4 c5 2. Nc3 Nc6 3. g3 g6 4. d3 Bg7 5. Be3 d6 6. Bg2 e5 7. Qd2 Nge7 8. Bh6
O-O 9. h4 Bxh6 10. Qxh6 f6 11. Nge2 Nd4 12. O-O-O Bg4 13. Rde1 Qa5 14. Kb1 b5
15. Nxd4 cxd4 16. Ne2 Be6 17. b3 Rac8 18. Kb2 Rxc2+ 19. Kxc2 Qxa2+ 20. Kd1
Bxb3+ 0-1

[Event "C.to Provinciale CO"]
[Site "Villa Guardia ITA"]
[Date "2013.01.20"]
[Round "2"]
[White "Corti, Massimo"]
[Black "Rossini, Fulvio"]
[WhiteElo "1986"]
[BlackElo "1718"]
[Result "1-0"]
[PlyCount "77"]
[EventDate "2013.01.19"]

1. d4 d5 2. c4 e6 3. Nf3 c6 4. e3 Nf6 5. Nc3 Be7 6. Bd3 O-O 7. Ne5 Nbd7 8. f4
dxc4 9. Nxc4 Nb6 10. O-O c5 11. Nxb6 Qxb6 12. Na4 Qc6 13. Nxc5 Bxc5 14. dxc5
Qxc5 15. Qe2 Rd8 16. Kh1 e5 17. b4 Qc3 18. fxe5 Ng4 19. Bc4 Nxe5 20. Bb3 Rf8
21. Bb2 Qc7 22. Rac1 Qe7 23. Bd4 b6 24. b5 Ng4 25. Qf3 Be6 26. Bxe6 Qxe6 27.
Qg3 f6 28. Rc6 Qe4 29. h3 Ne5 30. Rcxf6 Rxf6 31. Rxf6 Ng6 32. Rc6 Rf8 33. Rc7
Rf7 34. Rc8+ Rf8 35. Qc7 Qe7 36. Qc4+ Qf7 37. Qxf7+ Kxf7 38. Rc7+ Ke6 39. Rxa7
1-0

[Event "C.to Provinciale CO"]
[Site "Villa Guardia ITA"]
[Date "2013.01.20"]
[Round "2"]
[White "Crippa, Matteo"]
[Black "Lotti, Riccardo"]
[WhiteElo "1486"]
[BlackElo "1353"]
[Result "1-0"]
[PlyCount "103"]
[EventDate "2013.01.19"]

1. e4 d6 2. d4 Nf6 3. Nc3 c6 4. Nf3 Bg4 5. Be2 Bxf3 6. Bxf3 Nbd7 7. Bg5 e5 8.
O-O Be7 9. a4 Qa5 10. dxe5 Nxe5 11. Be3 O-O 12. Be2 Rad8 13. f4 Ng6 14. Qe1 Qb4
15. Bd3 Qa5 16. Qf2 Ng4 17. Qf3 Nxe3 18. Qxe3 Qb6 19. Qxb6 axb6 20. g3 Bf6 21.
Ra3 Bd4+ 22. Kg2 Bc5 23. Raa1 Ne7 24. Rfe1 d5 25. a5 d4 26. Na2 bxa5 27. Nc1 b6
28. Nb3 Bb4 29. Red1 c5 30. Bc4 g6 31. Nc1 Kg7 32. Nd3 f6 33. Rf1 Bd2 34. Rad1
Be3 35. Kf3 g5 36. Ke2 Nc8 37. Ne1 Nd6 38. Bd5 c4 39. Ng2 gxf4 40. gxf4 Kh8 41.
Nxe3 dxe3 42. Kxe3 f5 43. e5 Rfe8 44. Kf3 Ne4 45. Bxe4 fxe4+ 46. Kxe4 Rg8 47.
Rxd8 Rxd8 48. Rf2 b5 49. e6 b4 50. f5 c3 51. b3 Rd2 52. Ke3 1-0

[Event "C.to Provinciale CO"]
[Site "Villa Guardia ITA"]
[Date "2013.01.20"]
[Round "2"]
[White "Fantina, Carla"]
[Black "Mason, Giovanni"]
[WhiteElo "1458"]
[BlackElo "1656"]
[Result "0-1"]
[PlyCount "84"]
[EventDate "2013.01.19"]

1. c4 Nf6 2. Nc3 e6 3. g3 c6 4. Bg2 b6 5. e4 e5 6. Nge2 Be7 7. d4 d6 8. d5 Bb7
9. O-O cxd5 10. exd5 Nbd7 11. f4 O-O 12. b3 Re8 13. Ne4 Qc7 14. Be3 Ng4 15. Qd2
f5 16. Ng5 Bxg5 17. fxg5 g6 18. h3 Nxe3 19. Qxe3 Qc5 20. Qf2 Qxf2+ 21. Rxf2 Nc5
22. Rd1 Bc8 23. Nc3 e4 24. b4 Nd3 25. Re2 Bd7 26. b5 Rac8 27. g4 Rxc4 28. Rxd3
exd3 29. Rxe8+ Bxe8 30. Nd1 Rc1 31. Bf3 Bxb5 32. Kf2 f4 33. Ke1 Bc4 34. a3 Ra1
35. Kd2 Rxa3 36. Nc3 Kf7 37. Ne4 Ke7 38. Nf6 b5 39. Nxh7 b4 40. Nf6 Ra2+ 41.
Ke1 d2+ 42. Kd1 b3 0-1

[Event "C.to Provinciale CO"]
[Site "Villa Guardia ITA"]
[Date "2013.01.20"]
[Round "2"]
[White "Gonella, Daniele"]
[Black "Rossi, Giampiero"]
[WhiteElo "2141"]
[BlackElo "1898"]
[Result "1-0"]
[PlyCount "43"]
[EventDate "2013.01.19"]

1. e4 c5 2. Nc3 e6 3. g3 Nc6 4. Bg2 g6 5. d3 Bg7 6. f4 Nge7 7. Nf3 d6 8. O-O
O-O 9. Be3 Rb8 10. d4 cxd4 11. Nxd4 a6 12. Qd2 Nxd4 13. Bxd4 Nc6 14. Bxg7 Kxg7
15. Rad1 Qb6+ 16. Kh1 Rd8 17. f5 exf5 18. exf5 Bxf5 19. Rxf5 gxf5 20. Qg5+ Kf8
21. Qf6 Qxb2 22. Qh8+ 1-0